Virtual orthogonal antenna (compact antenna array with) enhanced beam-forming capability / (Record no. 215423)

000 -LEADER
fixed length control field 00916 a2200193 4500
003 - CONTROL NUMBER IDENTIFIER
control field NUST
005 - DATE AND TIME OF LATEST TRANSACTION
control field 20251125130338.0
040 ## - CATALOGING SOURCE
Transcribing agency Nust
082 ## - DEWEY DECIMAL CLASSIFICATION NUMBER
Classification number 621.382, ASA
100 ## - MAIN ENTRY--PERSONAL NAME
Personal name Asad, Muhammad (TCC-20)
9 (RLIN) 131218
245 ## - TITLE STATEMENT
Title Virtual orthogonal antenna (compact antenna array with) enhanced beam-forming capability /
Statement of responsibility, etc. Muhammad Asad, Haisem Khan, Hassan Sultan Shah and Anse Irteza But TCC-20
260 ## - PUBLICATION, DISTRIBUTION, ETC.
Place of publication, distribution, etc. Rawalpindi
Name of publisher, distributor, etc. MCS (NUST)
Date of publication, distribution, etc. June 2012
300 ## - PHYSICAL DESCRIPTION
Extent 65 P.;
505 ## - FORMATTED CONTENTS NOTE
Formatted contents note Introduction (Page-1), Literature Review (Page-3), Antenna Design (Page-13), Decoupling Network (DN) Design (Page-29), Matching Network (MN) Design (Page-36), Beam-Forming Network (BFN) Design (Page-46), Complete System Integration (Page-51), Application (Page-54), References (Page-56).
650 ## - SUBJECT ADDED ENTRY--TOPICAL TERM
Topical term or geographic name entry element UG Project
9 (RLIN) 131132
651 ## - SUBJECT ADDED ENTRY--GEOGRAPHIC NAME
Geographic name TCC-20
9 (RLIN) 131219
700 ## - ADDED ENTRY--PERSONAL NAME
Personal name Supervised by Dr. Farooq Ahmed Bhatti
9 (RLIN) 132064
942 ## - ADDED ENTRY ELEMENTS (KOHA)
Koha item type Project Report
Source of classification or shelving scheme
Holdings
Withdrawn status Lost status Source of classification or shelving scheme Damaged status Not for loan Permanent Location Current Location Shelving location Date acquired Full call number Barcode Date last seen Price effective from Koha item type Public note
          Military College of Signals (MCS) Military College of Signals (MCS) Reference 12/12/2016 621.382,ASA MCSPTC-152 12/08/2016 12/12/2016 Project Report Almirah No. 94, Shelf No. 3
          Military College of Signals (MCS) Military College of Signals (MCS) Reference 12/12/2016 621.382,ASA MCSPTC-153 12/08/2016 12/12/2016 Project Report Almirah No. 94, Shelf No. 3
          Military College of Signals (MCS) Military College of Signals (MCS) Reference 10/16/2025 621.382,ASA MCSPTC-159 10/16/2025 10/16/2025 Project Report Almirah No. 94, Shelf No. 3
© 2023 Central Library, National University of Sciences and Technology. All Rights Reserved.